000 00880 a2200181 4500
020 _a8176480800
020 _a9788176480802
090 _c3541
_d3541
100 1 _aNarayan, B.
245 1 0 _aProject management /
_cB. Narayan.
260 _a[S.l.] :
_bAPH Publishing Corp.,
_c1998.
300 _a299 p.
500 _aHardcover.
520 _aProject management involves the planning, directing, coordinating and controlling of resources with the aim of completing a specific project within predetermined parameters of quality , time and money. The objective of this encyclopaedia is to identify those aspects the development and information processes.
856 4 0 _3Amazon.com
_uhttp://www.amazon.com/exec/obidos/ASIN/8176480800/chopaconline-20
856 4 0 _3Amazon customer reviews
_uhttp://www.chopac.org/cgi-bin/tools/azrev.pl?q=8176480800
942 _aNBS
_cBK
_k658.404 NAR
999 _c346014
_d346014